| 000 | 00346nam a2200109Ia 4500 | ||
|---|---|---|---|
| 008 | 171211s9999 xx 000 0 und d | ||
| 245 | 4 | _aThe Tantric Way Of Loving - A Holistic Guide To Sensual Exploration | |
| 245 | _cNitya Lacroix | ||
| 260 | _c2000 | ||
| 650 | _xFamily and Friendship | ||
| 856 | _uhttp://down.ebook777.com/065/9781840389722.pdf | ||
| 999 |
_c350252 _d350252 |
||